Bi any other name : bisexual people speak out /

The book comprises fiction and non-fiction pieces, poetry and art created by a diverse group of over seventy bisexual people speaking about their lives.

Bibliographic Details
Other Authors: Hutchins, Loraine, 1948- (Editor), Kaahumanu, Lani, 1943- (Editor)
Format: Book
Language:English
Published: Boston : Alyson Publications, 1991.
Edition:First edition.
Subjects:

MARC

Tag First Indicator Second Indicator Subfields
LEADER 00000cam a2200000 a 4500
001 in00000990607
005 20211230121937.0
008 900806s1991 maua b 000 0 eng
010 |a  90045816  
035 |a (OCoLC)ocm22275802 
035 |a (OCoLC)22275802 
035 |a (OCoLC)22275802  |z (OCoLC)61680209  |z (OCoLC)213299600  |z (OCoLC)229082945 
035 |9 AEY1695AM 
040 |a DLC  |b eng  |c DLC  |d COU  |d IOP  |d MBU  |d BAKER  |d BTCTA  |d YDXCP  |d UWC  |d NYP  |d BDX  |d OCLCF  |d OCLCQ  |d AUNTL  |d DGU  |d CSO  |d COF  |d CKK  |d MWB  |d ICN  |d IOG  |d OCLCQ  |d OCLCO  |d XFF  |d OCLCO  |d WIO  |d GILDS  |d OCLCO  |d CSA  |d TFW  |d OCLCO  |d CNO  |d OCLCO  |d OKX  |d LHU  |d BGU  |d AU@  |d OCLCO  |d CPO  |d N#V  |d OCLCQ  |d VA@  |d OCLCO  |d AZU  |d OCLCO  |d EXG  |d OCLCO  |d OCL  |d S1C  |d OCLCO  |d IPL  |d OCLCO  |d TXA 
019 |a 61680209  |a 213299600  |a 229082945  |a 1165618311 
020 |a 1555831745  |q (alk. paper) 
020 |a 9781555831745  |q (alk. paper) 
035 |a (OCoLC)22275802  |z (OCoLC)61680209  |z (OCoLC)213299600  |z (OCoLC)229082945  |z (OCoLC)1165618311 
043 |a n-us--- 
050 0 0 |a HQ74  |b .B5 1991 
060 4 |a HQ 74 B576 1991 
082 0 0 |a 306.7/65/0973  |2 20 
049 |a TXAM 
245 0 0 |a Bi any other name :  |b bisexual people speak out /  |c edited by Loraine Hutchins and Lani Kaahumanu. 
250 |a First edition. 
264 1 |a Boston :  |b Alyson Publications,  |c 1991. 
300 |a xxvi, 379 pages :  |b illustrations ;  |c 22 cm 
336 |a text  |b txt  |2 rdacontent 
337 |a unmediated  |b n  |2 rdamedia 
338 |a volume  |b nc  |2 rdacarrier 
504 |a Includes bibliographical references. 
505 0 0 |g I.  |t Psychology: Facing Ourselves : --  |t Myths/realities of bisexuality /  |r Sharon Forman Sumpter --  |t This poem can be put off no longer /  |r Susan Carlton --  |t The queer in me /  |r Carol A. Queen --  |t Ninety-three people = 100% acceptance /  |r Cornelius Utz --  |t I am who I am--a married bisexual teacher /  |r Amanda Yoshizaki --  |t Worth the balancing /  |r Alan Silver--  |t Development of a bisexual identity /  |r Ann Fox --  |t What do Indians think about? /  |r Joe Rios --  |t Making my own way /  |r Laura Johnson --  |t Bisexual feminist man /  |r Dave Matteson --  |t She kissed me! /  |r Laney Nelson --  |t More than a footnote /  |r C.J. Barragan III --  |t My life as a lesbian-identified bisexual fag hag /  |r Ellen Terris --  |t My underself /  |r Chandini Goswami --  |t A gift to myself /  |r Nate Brown --  |t Points of reference /  |r C.K. Ferrier --  |t Love, friendship, and sex /  |r Wayne Bryant --  |t Bisexual tendencies /  |r Lisa Yost --  |t A question of invisibility /  |r Rifka Reichler --  |t Double quest /  |r Nachama --  |t Insights at 3:30 a.m. /  |r Victoria Woodard --  |t What I need is /  |r Ronda Slater --  |g II.  |t Spirituality: Healing the Splits : --  |t Coming out in spirit and in flesh /  |r Karen Hurley --  |t Just another lingering flu /  |r David Lourea --  |t Beyond bisexual /  |r Annie Sprinkle --  |t Let me doctor your love /  |r Neil MacLean --  |t Sacred rituals /  |r Karla Rossi --  |t Letting go : an interview with John Horne /  |r Loraine Hutchins --  |t Reclaiming heart and mind /  |r Leonard Tirado --  |g III.  |t The Bisexual Community : "Are We Visible Yet?" : --  |t Room for you [song] /  |r Betsy Rose --  |t Bisexuality, The Rocky horror picture show, and me /  |r Elizabeth Reba Weise --  |t Two-way closet /  |r Michael Brewer --  |t The palmist knew /  |r Brenda Blasingame --  |t A healing journey /  |r Hap Stewart --  |t [Untitled poem] /  |r Irene Wolt --  |t Gray-haired and above suspicion /  |r Bobbi Keppel --  |t Growing up with a bisexual dad /  |r Billy & Peaches Jones --  |t A few brave and gifted people /  |r Chris Girard --  |t A day in the life /  |r Richard Susan Bassein --  |t Never, never boring-- /  |r Mattie Key --  |t [Untitled] /  |r Selena Julie Whang --  |t A man, a woman, attention /  |r Shu Wei Chen--Andy --  |t Don't call me /  |r Janet Bohac --  |t Bisexual movies /  |r Paul Haut --  |t Bi-loveable Japanese feminist /  |r Kei Uwano --  |t The most natural thing : an interview with Arlene Krantz /  |r Marcy Sheiner --  |t Affirmation, bisexual Mormon /  |r Christopher Alexander --  |t I have always been one /  |r Suzanne --  |t Que es un bisexual? /  |r Obie Leyva --  |t The foundations of the bisexual community in San Francisco : an interview with Dr. Maggie Rubenstein /  |r Marcy Sheiner --  |t The "b" word /  |r Matthew LeGrant --  |t From the closet to the stage /  |r Robyn Ochs --  |g IV.  |t Politics: A Queer among Queers : --  |t Loving whom we choose /  |r Lisa Orlando --  |t Coming out to Congress /  |r Cliff Arnesen --  |t One ... /  |r Sharon Hwang Colligan --  |t What's in a name? /  |r Naomi Tucker --  |t Sisterhood crosses gender preference lines /  |r Dajenya --  |t The voice of a wandering Jewish bisexual /  |r Rebecca Gorlin --  |t Proud father of a bisexual son /  |r Roland Glenn --  |t Another senseless loss /  |r Dolores Bishop --  |t "out"line of one man's polymorphic liberation /  |r ben e factory --  |t Beyond defense /  |r Rebecca Shuster --  |t Guilt politics /  |r Ann Schneider --  |t My pet peeves /  |r Elise Krueger --  |t Can bisexuals be monogamous? /  |r Lenore Norrgard --  |t The fine art of labeling /  |r Lucy Friedland & Liz A. Highleyman --  |t Conflicts /  |r Sheilah Mabry --  |t Potential lovers /  |r Rich Aranow --  |t Hapa haole wahine /  |r Lani Kaahumanu --  |t Bisexuality : the best thing that ever happened to lesbian-feminism? /  |r Beth Elliot --  |t Talking about sex, gender, and desire /  |r Karen Klassen --  |t Love that kink /  |r Loraine Hutchins --  |t Choosing not to /  |r Michael Ambrosino --  |t Present tense : biphobia as a crisis of meaning /  |r Amanda Udis-Kessler. 
520 0 |a The book comprises fiction and non-fiction pieces, poetry and art created by a diverse group of over seventy bisexual people speaking about their lives. 
500 |a The Cushing Library/Women & Gender Studies copy was acquired as part of The Don Kelly Research Collection of Gay Literature and Culture.  |5 TXA 
541 0 |a Donated by Don Kelly  |d 20150505 
650 0 |a Bisexuals' writings, American. 
650 0 |a Bisexuality  |z United States. 
650 1 |a Bisexuality  |z United States  |v Personal narratives. 
650 2 |a Bisexuality.  |0 (DNLM)D001727 
651 2 |a United States.  |0 (DNLM)D014481 
650 4 |a Gay/Lesbian (GIC) 
650 4 |a Literature (PCL) 
650 7 |a Bisexuality.  |2 fast  |0 (OCoLC)fst00833344 
651 7 |a United States.  |2 fast  |0 (OCoLC)fst01204155 
655 2 |a Personal Narrative.  |0 (DNLM)D062210 
655 7 |a Personal narratives.  |2 fast  |0 (OCoLC)fst01423843 
655 7 |a Personal narratives.  |2 lcgft 
700 1 |a Hutchins, Loraine,  |d 1948-  |e editor. 
700 1 |a Kaahumanu, Lani,  |d 1943-  |e editor. 
776 0 8 |i Online version:  |t Bi any other name.  |b 1st ed.  |d Boston : Alyson Pub., 1991  |w (OCoLC)609097380 
994 |a C0  |b TXA 
948 |a updated  |b h  |c 2021/9/27  |d c  |e nbehmer  |f 11:48:51 am 
999 f f |s 189bbe60-b807-3b87-abb4-35b434fd78b7  |i 1cd27376-66e0-379d-8769-44635486d404  |t 0 
952 f f |p ric  |a Texas A&M University  |b Rellis Campus  |c Joint Library Facility  |s JLF  |d Remote Storage  |t 0  |e HQ74 .B5 1991  |h Library of Congress classification  |i unmediated -- volume  |m A14815000020 
998 f f |a HQ74 .B5 1991  |t 0  |l Remote Storage